000 00504nam a2200169 4500
005 20251231143512.0
008 251231b |||||||| |||| 00| 0 eng d
020 _a978-0-7679-1787-2
041 _aEnglish
082 _21st
_aX 378.1 NEW
_bB12107
100 _aNewport, Cal
245 _aHow to Win at College
_b:Surprising secreats for success from the country's top students
260 _aNew York
_bThree Rivers Press
_c2005
300 _aviii,193p
_bpb
365 _aRupaye
_b479
_cTNR
942 _cBK
999 _c369648
_d369648